[Event "Titled Tuesday intern op 18th Jul Late"]
[Site "Chess.com INT"]
[Date "2023.07.18"]
[Round "8"]
[White "Svane, Frederik"]
[Black "Bortnyk, Mykola"]
[Result "1-0"]
[WhiteElo "2618"]
[BlackElo "2421"]
[PlyCount "105"]
[EventDate "2023.07.18"]
[EventType "swiss (blitz)"]
[EventRounds "11"]
[EventCountry "USA"]
[SourceTitle "EXT 2024"]
[Source "ChessBase"]
[SourceDate "2023.10.10"]
[SourceVersion "1"]
[SourceVersionDate "2023.10.10"]
[SourceQuality "1"]

1. c4 f5 2. g3 Nf6 3. Bg2 e6 4. Nc3 d5 5. cxd5 exd5 6. d4 c6 7. Nf3 Bd6 8. Bf4 0-0 9. e3 Kh8 10. 0-0 Be7 11. Ne5 Be6 12. Nd3 Na6 13. Rb1 Ne4 14. Qc2 Nb4 15. Nxb4 Bxb4 16. a3 Be7 17. b4 a5 18. Na4 axb4 19. axb4 Bf6 20. b5 Bd7 21. Nc5 cxb5 22. Qb3 Nd2 23. Qxd5 Bc6 24. Qxd8 Rfxd8 25. Nxb7 Bxg2 26. Kxg2 Rf8 27. Rxb5 Nxf1 28. Kxf1 g5 29. Bd6 Rf7 30. Rxf5 Kg7 31. Nc5 Kg6 32. Rd5 Ra2 33. Ne4 Be7 34. Bxe7 Rxe7 35. Rxg5+ Kh6 36. Rg4 Re6 37. Kg2 Rb6 38. Rf4 Kg6 39. Nc5 Rbb2 40. Nd3 Re2 41. Kf3 Red2 42. Ke4 Kg7 43. h4 h6 44. Rf5 Kh7 45. g4 Kg7 46. g5 hxg5 47. hxg5 Ra3 48. Ne5 Raa2 49. Rf7+ Kg8 50. f4 Ra3 51. g6 Re2 52. Ng4 Kh8 53. Rh7+ 1-0

[Event "Titled Tuesday intern op 11th Jul Late"]
[Site "Chess.com INT"]
[Date "2023.07.11"]
[Round "11"]
[White "Bortnyk, Mykola"]
[Black "Leitao, Rafael Duailibe"]
[Result "1-0"]
[WhiteElo "2421"]
[BlackElo "2592"]
[PlyCount "33"]
[EventDate "2023.07.11"]
[EventType "swiss (blitz)"]
[EventRounds "11"]
[EventCountry "USA"]
[SourceTitle "EXT 2024"]
[Source "ChessBase"]
[SourceDate "2023.10.10"]
[SourceVersion "1"]
[SourceVersionDate "2023.10.10"]
[SourceQuality "1"]

1. e4 c5 2. c3 d5 3. exd5 Qxd5 4. d4 g6 5. dxc5 Qxc5 6. Be3 Qc7 7. Na3 a6 8. Qb3 Bg7 9. Bc4 e6 10. Bb6 Qe5+ 11. Be2 Qd5 12. Nc4 Ne7 13. Rd1 Qxd1+ 14. Bxd1 0-0 15. Bc5 Nbc6 16. Nb6 Rb8 17. Bd6 1-0

[Event "Titled Tuesday intern op 11th Jul Late"]
[Site "Chess.com INT"]
[Date "2023.07.11"]
[Round "8"]
[White "Bortnyk, Mykola"]
[Black "Licznerski, Lukasz"]
[Result "1-0"]
[WhiteElo "2421"]
[BlackElo "2430"]
[PlyCount "109"]
[EventDate "2023.07.11"]
[EventType "swiss (blitz)"]
[EventRounds "11"]
[EventCountry "USA"]
[SourceTitle "EXT 2024"]
[Source "ChessBase"]
[SourceDate "2023.10.10"]
[SourceVersion "1"]
[SourceVersionDate "2023.10.10"]
[SourceQuality "1"]

1. e4 c6 2. d4 d5 3. exd5 cxd5 4. c4 Nf6 5. Nc3 g6 6. Qb3 Bg7 7. cxd5 0-0 8. Bd3 Nbd7 9. Bg5 Nb6 10. Bxf6 Bxf6 11. Nf3 a5 12. a4 Qd6 13. 0-0 Bg4 14. Ne5 Bc8 15. Rfe1 Qb4 16. Bc2 Qxd4 17. Re4 Qc5 18. Nd3 Qd6 19. Rd1 Bxc3 20. bxc3 Qxd5 21. Rxe7 Qd6 22. Rde1 Nd5 23. R7e5 Be6 24. Qb2 Rac8 25. Bb3 Nc7 26. Nc5 Bxb3 27. Qxb3 Qc6 28. Qxb7 Qxb7 29. Nxb7 Ne6 30. R1e3 Rc4 31. g3 Rb8 32. Nd6 Rxa4 33. Nxf7 Kxf7 34. Rxe6 Rb7 35. Ra6 Rc7 36. Rf3+ Kg7 37. h4 Ra3 38. h5 Raxc3 39. Rxc3 Rxc3 40. Rxa5 Kh6 41. Kg2 gxh5 42. Kh3 Rc4 43. f3 Rb4 44. Re5 Kg6 45. f4 Rb1 46. Re6+ Kg7 47. Kh4 Rh1+ 48. Kg5 Rh3 49. Re7+ Kf8 50. Rxh7 Rxg3+ 51. Kf6 Kg8 52. Rxh5 Ra3 53. Re5 Kf8 54. Re6 Ra4 55. f5 1-0

[Event "Titled Tuesday intern op 11th Jul Late"]
[Site "Chess.com INT"]
[Date "2023.07.11"]
[Round "2"]
[White "Bortnyk, Mykola"]
[Black "Shohat, Yotam"]
[Result "1-0"]
[WhiteElo "2421"]
[BlackElo "2363"]
[PlyCount "47"]
[EventDate "2023.07.11"]
[EventType "swiss (blitz)"]
[EventRounds "11"]
[EventCountry "USA"]
[SourceTitle "EXT 2024"]
[Source "ChessBase"]
[SourceDate "2023.10.10"]
[SourceVersion "1"]
[SourceVersionDate "2023.10.10"]
[SourceQuality "1"]

1. e4 c5 2. c3 Nf6 3. e5 Nd5 4. Nf3 d6 5. Bc4 dxe5 6. Nxe5 e6 7. 0-0 Nd7 8. Nf3 N7b6 9. Bb3 Be7 10. d4 cxd4 11. Qxd4 0-0 12. a4 a5 13. Rd1 Bd7 14. c4 Nb4 15. Be3 Ra6 16. Nc3 Bc6 17. Qg4 Qc7 18. Bd4 g6 19. Ne5 Nd7 20. Qg3 Bd6 21. Nxd7 Bxd7 22. Qh4 e5 23. Be3 Raa8 24. Bh6 1-0

[Event "New York Summer 1000 GM IM-B"]
[Site "New York"]
[Date "2023.07.08"]
[Round "4.2"]
[White "Bortnyk, Mykola"]
[Black "La Manna, Andrea"]
[Result "1/2-1/2"]
[WhiteElo "2421"]
[BlackElo "2180"]
[PlyCount "82"]
[EventDate "2023.07.06"]
[EventType "schev"]
[EventRounds "9"]
[EventCountry "USA"]
[SourceTitle "CBM 215 Extra"]
[Source "ChessBase"]
[SourceDate "2023.09.30"]
[SourceVersion "1"]
[SourceVersionDate "2023.09.30"]
[SourceQuality "1"]
[WhiteTeam "Team A"]
[BlackTeam "Team D"]
[WhiteTeamCountry "USA"]
[BlackTeamCountry "USA"]

1. e4 d5 2. exd5 Nf6 3. Nc3 Nxd5 4. Bc4 Nb6 5. Bb3 Nc6 6. Nf3 Bf5 7. Nh4 Bg6 8. Nxg6 hxg6 9. Qf3 e6 10. d3 Qf6 11. Qxf6 gxf6 12. Be3 0-0-0 13. 0-0-0 Nd4 14. h3 Nxb3+ 15. axb3 Nd5 16. Nxd5 Rxd5 17. c3 Bh6 18. Kc2 Bxe3 19. fxe3 Rg5 20. Rd2 Rg3 21. Re2 Rh5 22. Rf1 Rhg5 23. Rxf6 Rxg2 24. Kd2 Rxe2+ 25. Kxe2 Rg2+ 26. Rf2 Rxf2+ 27. Kxf2 e5 28. Kf3 Kd7 29. Kg4 f6 30. b4 a6 31. h4 Ke6 32. e4 b6 33. d4 c6 34. Kf3 f5 35. exf5+ Kxf5 36. dxe5 Kxe5 37. Kg4 Kf6 38. Kf4 Ke6 39. Kg5 Kf7 40. b3 Kg7 41. c4 Kf7 1/2-1/2

[Event "New York Summer 1000 GM IM-B"]
[Site "New York"]
[Date "2023.07.06"]
[Round "1.2"]
[White "Espinosa, Pedro"]
[Black "Bortnyk, Mykola"]
[Result "0-1"]
[WhiteElo "2263"]
[BlackElo "2421"]
[PlyCount "96"]
[EventDate "2023.07.06"]
[EventType "schev"]
[EventRounds "9"]
[EventCountry "USA"]
[SourceTitle "CBM 215 Extra"]
[Source "ChessBase"]
[SourceDate "2023.09.30"]
[SourceVersion "1"]
[SourceVersionDate "2023.09.30"]
[SourceQuality "1"]
[WhiteTeam "Team B"]
[BlackTeam "Team A"]
[WhiteTeamCountry "USA"]
[BlackTeamCountry "USA"]

1. d4 f5 2. c4 Nf6 3. g3 e6 4. Bg2 d5 5. Nf3 c6 6. 0-0 Bd6 7. b3 Qe7 8. Ne5 Nbd7 9. Nd3 b6 10. Bf4 Ba6 11. Nd2 Bxf4 12. Nxf4 g5 13. Nd3 h5 14. Nf3 h4 15. Nxg5 hxg3 16. hxg3 Ne4 17. Nxe4 dxe4 18. Nf4 Qh7 19. Bh3 0-0-0 20. Kg2 Nf8 21. Rh1 e5 22. Bxf5+ Qxf5 23. Rxh8 exf4 24. Qd2 f3+ 25. exf3 Qxf3+ 26. Kg1 c5 27. Qe3 cxd4 28. Qxf3 exf3 29. Rd1 Bb7 30. g4 Ne6 31. Rxd8+ Kxd8 32. Kf1 Ke7 33. Ke1 Kf6 34. b4 Ba6 35. Rc1 Nf4 36. Kd2 Ne2 37. Rc2 Nc3 38. Kd3 Ke5 39. Rc1 Ne2 40. Rh1 Nf4+ 41. Kd2 Bxc4 42. Rh7 a6 43. Rb7 Nd3 44. Rc7 b5 45. Re7+ Kd6 46. Re8 Nxf2 47. g5 Ng4 48. Re4 f2 0-1

[Event "World op 51st"]
[Site "Philadelphia"]
[Date "2023.07.03"]
[Round "6"]
[White "Bortnyk, Mykola"]
[Black "Jacobson, Brandon"]
[Result "1/2-1/2"]
[WhiteElo "2427"]
[BlackElo "2557"]
[PlyCount "115"]
[EventDate "2023.06.30"]
[EventType "swiss"]
[EventRounds "9"]
[EventCountry "USA"]
[SourceTitle "CBM 215 Extra"]
[Source "ChessBase"]
[SourceDate "2023.09.30"]
[SourceVersion "1"]
[SourceVersionDate "2023.09.30"]
[SourceQuality "1"]

1. d4 Nf6 2. c4 g6 3. Nc3 Bg7 4. g3 0-0 5. Bg2 d6 6. Nf3 Nbd7 7. 0-0 e5 8. e4 exd4 9. Nxd4 Re8 10. Re1 Nc5 11. h3 h6 12. Nb3 Ne6 13. Kh2 a5 14. Be3 a4 15. Nd4 Nxd4 16. Bxd4 c5 17. Be3 a3 18. Rb1 axb2 19. Qb3 Bd7 20. Rxb2 Bc6 21. f3 Qa5 22. Bd2 Qa3 23. Qc2 Nd7 24. f4 Bd4 25. Rb3 Qa6 26. Qd3 Nf6 27. a3 Re7 28. Nd5 Bxd5 29. exd5 Rxe1 30. Bxe1 Qa4 31. Bd2 Kg7 32. Bf3 b5 33. Be2 bxc4 34. Qxc4 Qe8 35. Bf3 Ra4 36. Qe2 Qxe2+ 37. Bxe2 Nxd5 38. Bb5 Ra7 39. a4 Nf6 40. a5 d5 41. Rd3 Ne4 42. Bc6 Nxd2 43. Rxd2 Rxa5 44. Bxd5 Ra7 45. Kg2 Rd7 46. Bc4 Rb7 47. h4 Kf8 48. Bd5 Rb4 49. Kf3 f5 50. h5 Kg7 51. hxg6 Kxg6 52. Rc2 h5 53. Rd2 Bf6 54. Rc2 Be7 55. Bc4 Bd6 56. Rc3 Ra4 57. Bb5 Re4 58. Rd3 1/2-1/2

[Event "Philadelphia op 16th"]
[Site "Philadelphia"]
[Date "2023.06.27"]
[Round "7"]
[White "Amburgy, Ryan"]
[Black "Bortnyk, Mykola"]
[Result "0-1"]
[WhiteElo "2295"]
[BlackElo "2427"]
[PlyCount "78"]
[EventDate "2023.06.24"]
[EventType "swiss"]
[EventRounds "9"]
[EventCountry "USA"]
[SourceTitle "CBM 215 Extra"]
[Source "ChessBase"]
[SourceDate "2023.09.30"]
[SourceVersion "1"]
[SourceVersionDate "2023.09.30"]
[SourceQuality "1"]

1. d4 f5 2. g3 Nf6 3. Bg2 e6 4. c4 c6 5. Nh3 Be7 6. 0-0 0-0 7. b3 d6 8. Bb2 Qe8 9. Nd2 Nbd7 10. e4 Nxe4 11. Nxe4 fxe4 12. Bxe4 e5 13. dxe5 Nxe5 14. Nf4 Bg4 15. f3 Bf5 16. Qc2 Bxe4 17. Qxe4 Bf6 18. Rae1 Qf7 19. Ba3 Rad8 20. Nd3 Rfe8 21. Nxe5 Rxe5 22. Qd3 Ra5 23. b4 Ra4 24. Re3 c5 25. bxc5 dxc5 26. Qb3 Qxc4 27. Qxc4+ Rxc4 28. Re2 b5 29. Bb2 Bxb2 30. Rxb2 b4 31. Re1 Kf7 32. Re3 a5 33. a3 Rd1+ 34. Kg2 Rc3 35. Rbe2 Rxe3 36. Rxe3 c4 37. Re5 c3 38. Rxa5 c2 39. Rc5 b3 0-1